Guess the Mystery Song by Guessing Lyrics #2 - Statistics

General Stats
  • This quiz has been taken 348 times
  • The average score is 47 of 128
Answer Stats
Lyrics % Correct
I
99%
a
96%
you
94%
the
87%
When
74%
And
72%
and
72%
to
71%
no
65%
It
64%
my
64%
is,
58%
of
50%
not
46%
why
46%
I'm
45%
was
43%
time,
42%
All
41%
But
40%
but
40%
It's
39%
By
37%
Oh,
34%
need
32%
never
30%
got
29%
Yeah
26%
yeah
26%
young
26%
feel
21%
Well,
17%
done
16%
head
15%
nothing
14%
problem
13%
lie
11%
sure
10%
wasn't
10%
easy
7%
meet
6%
hoo
5%
hoo)
5%
Woo
5%
(Woo
5%
Blur - Song 2
4%
checked
4%
heavy
4%
jet
4%
jumbo
4%
metal
3%
needles
3%
pins
3%
Pleased
3%
No matching quizzes found
Score Distribution
Percent of People with Each Score
Percentile by Number Answered
Your Score History
You have not taken this quiz